Epidemiologia aplicada (Registo nº 200411)

Detalhes MARC
000 -Etiqueta do registo
Valores 00624nam 22001813 4500
010 ## - Número ISBN
ISBN 972-31-1074-1
021 ## - Número do Depósito Legal
Número 208683/04
100 ## - Dados gerais de processamento
Dados gerais 20260205d u||y0pory50 ba
200 ## - Titulo e menção de responsabilidade
Título próprio Epidemiologia aplicada
Informação de outro título à luta coletiva contra as principais animais transmissíveis
Primeira menção de responsabilidade Bernard Toma...[et al.]
Outras menções de responsabilidade tradução de Patrícia Tavares Santos
210 ## - Publicação
Local de publicação Lisboa
Nome do editor Fundação Calouste Gulbenkian, Serviço de Educação e Bolsas
Data de publicação 2004
215 ## - Descrição física 
Paginação / Volumes 676 p.
Outras indicações físicas brochado
Dimensões 23 cm
606 ## - Nome comum usado como assunto
ID Autoridade 927
Palavra de ordem Medicina
675 ## - CDU
Notação 61
Edição PT
Língua por
801 ## - Fonte de origem
País PT
Agência BMMN
Regras de catalogação RPC
830 ## - Notas gerais do catalogador
Criado por Fernando
Indexado por Fernando
990 ## - Elementos KOHA
Tipo de documento Livro
Exemplares
Situação do levantamento Biblioteca de origem Código de barras Cota Permissão de empréstimo Tipo de documento Forma de aquisição
  Biblioteca Municipal de Montemor-o-Novo 29574 61 EPI|DEP   Livro Compra

Powered by Koha